[Event "Specialiste-Tch2"]
[Site "Montreal CAN"]
[Date "1983.09.29"]
[Round "5"]
[White "Fraser, Michel"]
[Black "Brodie, Hugh"]
[Result "0-1"]
[WhiteElo "1939"]
[BlackElo "1867"]
[PlyCount "129"]
[EventDate "1983.09.01"]
[EventType "team"]
[EventRounds "5"]
[EventCountry "CAN"]

1. e4 c5 2. Nf3 Nc6 3. c3 d5 4. exd5 Qxd5 5. d4 e6 6. Be2 Nf6 7. O-O Be7 8. Na3
O-O 9. Nc2 b6 10. Bg5 cxd4 11. Ncxd4 Bb7 12. Nxc6 Qxc6 13. c4 h6 14. Bh4 Rac8
15. Rc1 Rfd8 16. Qc2 Rc7 17. Rfd1 Rcd7 18. Rxd7 Rxd7 19. Rd1 Rxd1+ 20. Qxd1 Kf8
21. Ne1 Ba6 22. b3 e5 23. Qd2 Ke8 24. Qe3 Qe6 25. Bf3 Bc5 26. Qe2 g5 27. Bg3 e4
28. Bh5 g4 29. Nd3 Nxh5 30. Nxc5 Nxg3 31. Qe3 bxc5 32. hxg3 Qc6 33. Qf4 Bc8 34.
Qe5+ Kd8 35. Kh2 a6 36. Kg1 Bd7 37. Qb8+ Ke7 38. Qe5+ Be6 39. Qh5 Bd7 40. Qe5+
Kd8 41. Qb8+ Bc8 42. Qe5 a5 43. Kh2 Bd7 44. Qb8+ Ke7 45. Qa7 Qd6 46. Qxa5 Qd4
47. Qe1 Kf6 48. Qe2 Kg6 49. Kg1 h5 50. Qc2 Bf5 51. Qc1 Qe5 52. Qe3 Qa1+ 53. Kh2
Qxa2 54. Qxc5 Qxb3 55. Qc6+ Kg7 56. Qd5 Bg6 57. Qd4+ f6 58. c5 Qd3 59. Qb4 e3
60. Qb7+ Kh6 61. fxe3 Qxe3 62. Qc6 h4 63. Qd6 hxg3+ 64. Qxg3 Qxg3+ 65. Kxg3 0-1

[Event "CAN-op U2000"]
[Site "Toronto CAN"]
[Date "1983.07.09"]
[Round "1"]
[White "Tierney, Matthew"]
[Black "Brodie, Hugh"]
[Result "0-1"]
[WhiteElo "1660"]
[BlackElo "1902"]
[PlyCount "80"]
[EventDate "1983.07.09"]
[EventType "swiss"]
[EventRounds "10"]
[EventCountry "CAN"]

1. d4 e6 2. c4 Bb4+ 3. Nc3 f5 4. Qc2 Nf6 5. a3 Bxc3+ 6. Qxc3 b6 7. Nf3 Bb7 8.
Bf4 O-O 9. b4 d6 10. c5 Nd5 11. Qc1 Nxf4 12. Qxf4 Qe7 13. Rc1 Bd5 14. e3 Nd7
15. cxd6 cxd6 16. Bd3 e5 17. dxe5 dxe5 18. Qh4 Qxh4 19. Nxh4 e4 20. Bb5 Ne5 21.
Ke2 g5 22. Rhd1 Bb3 23. f4 Bxd1+ 24. Rxd1 gxh4 25. fxe5 Rad8 26. Rxd8 Rxd8 27.
e6 Kf8 28. Bd7 Ke7 29. Kf2 Rg8 30. Ba4 Rc8 31. g4 Kxe6 32. gxf5+ Ke5 33. Ke2
Rc3 34. Kf2 Rxa3 35. Bd7 Ra2+ 36. Ke1 Rxh2 37. b5 Ra2 38. Bc8 h3 39. Be6 Ra1+
40. Kf2 h2 0-1

[Event "CAN-op U2000"]
[Site "Toronto CAN"]
[Date "1983.07.10"]
[Round "2"]
[White "Brodie, Hugh"]
[Black "Coleman, Mike"]
[Result "1/2-1/2"]
[WhiteElo "1902"]
[BlackElo "1806"]
[PlyCount "132"]
[EventDate "1983.07.09"]
[EventType "swiss"]
[EventRounds "10"]
[EventCountry "CAN"]

1. e4 c5 2. Nf3 d6 3. Nc3 g6 4. d3 Bg7 5. g3 Nc6 6. Bg2 Nf6 7. O-O O-O 8. Nh4
a6 9. f4 Bg4 10. Qd2 Bd7 11. f5 Ng4 12. Qe2 Nge5 13. Be3 b5 14. h3 Rc8 15. Nd1
Nd4 16. Qf2 b4 17. g4 Ba4 18. b3 Bd7 19. Rc1 Qa5 20. Nb2 Qxa2 21. Nc4 Nxc4 22.
dxc4 a5 23. Nf3 Nxf3+ 24. Bxf3 a4 25. Rb1 axb3 26. cxb3 Qxf2+ 27. Rxf2 Be5 28.
Kf1 Ra8 29. Bc1 Ra7 30. Bb2 f6 31. Bxe5 fxe5 32. Kg2 Rfa8 33. Rd2 Kg7 34. h4 h6
35. Kg3 Kf6 36. Bg2 Rg8 37. Kf3 Ra3 38. Bh3 Bc6 39. Rf2 g5 40. hxg5+ hxg5 41.
Bg2 e6 42. Kg3 Rh8 43. fxe6+ Kxe6 44. Rf5 Ba4 45. Rf3 Bd7 46. Rbf1 Rh4 47. Rd3
Ke7 48. Bh3 Ra2 49. Re3 Rh8 50. Rff3 Ra1 51. Rf2 Rh1 52. Kg2 Rb1 53. Rf1 Rxf1
54. Kxf1 Rf8+ 55. Kg2 Rf4 56. Kg3 Bc6 57. Bg2 Kd7 58. Re2 Kc7 59. Bf3 Kb6 60.
Re1 Bd7 61. Rd1 Kc6 62. Rh1 Rf7 63. Rh5 Rg7 64. Rh8 Be6 65. Rh6 Bf7 66. Rh2 Kb6
1/2-1/2

[Event "CAN-op U2000"]
[Site "Toronto CAN"]
[Date "1983.07.10"]
[Round "3"]
[White "Walker, Ben"]
[Black "Brodie, Hugh"]
[Result "1/2-1/2"]
[WhiteElo "1789"]
[BlackElo "1902"]
[PlyCount "67"]
[EventDate "1983.07.09"]
[EventType "swiss"]
[EventRounds "10"]
[EventCountry "CAN"]

1. e4 c5 2. Nf3 Nc6 3. d4 cxd4 4. Nxd4 g6 5. Nc3 Bg7 6. Be3 Nf6 7. Be2 O-O 8.
O-O d5 9. exd5 Nxd5 10. Nxd5 Nxd4 11. Bxd4 Qxd5 12. Bxg7 Qxd1 13. Rfxd1 Kxg7
14. Rd2 Be6 15. c4 Rac8 16. b3 Rc7 17. Rad1 Rfc8 18. h3 f6 19. Kf1 Kf7 20. Bf3
Ke8 21. Bd5 Bxd5 22. Rxd5 e6 23. Rd6 Rc6 24. R6d3 e5 25. Ke2 R8c7 26. Ke3 Ke7
27. Rd8 f5 28. R1d5 Ra6 29. Rh8 Kf6 30. Rd2 Ke6 31. Rhd8 Rac6 32. g4 Kf6 33.
R2d5 Re7 34. gxf5 1/2-1/2

[Event "CAN-op U2000"]
[Site "Toronto CAN"]
[Date "1983.07.11"]
[Round "4"]
[White "Brodie, Hugh"]
[Black "Morin, Louis"]
[Result "0-1"]
[WhiteElo "1902"]
[BlackElo "1751"]
[PlyCount "42"]
[EventDate "1983.07.09"]
[EventType "swiss"]
[EventRounds "10"]
[EventCountry "CAN"]

1. Nf3 Nf6 2. b3 e6 3. Bb2 d5 4. e3 c5 5. Ne5 Bd6 6. f4 O-O 7. Be2 Nfd7 8. Ng4
Nc6 9. O-O e5 10. Nc3 f5 11. fxe5 Ndxe5 12. Nxe5 Bxe5 13. Na4 d4 14. exd4 Nxd4
15. Bc3 Qh4 16. g3 Bxg3 17. hxg3 Qxg3+ 18. Kh1 Rf6 19. Bxd4 Rh6+ 20. Bh5 b6 21.
Qf3 Bb7 0-1

[Event "CAN-op U2000"]
[Site "Toronto CAN"]
[Date "1983.07.12"]
[Round "5"]
[White "Torok, Alan"]
[Black "Brodie, Hugh"]
[Result "0-1"]
[WhiteElo "1718"]
[BlackElo "1902"]
[PlyCount "128"]
[EventDate "1983.07.09"]
[EventType "swiss"]
[EventRounds "10"]
[EventCountry "CAN"]

1. e4 c5 2. f4 e6 3. Qe2 Nc6 4. c3 Nf6 5. Nf3 Qc7 6. g3 Be7 7. Bg2 O-O 8. O-O
b6 9. Na3 Bb7 10. Nc2 Rac8 11. d3 d6 12. Bd2 Rfd8 13. Ng5 h6 14. Nh3 e5 15. c4
Nd4 16. Nxd4 cxd4 17. fxe5 dxe5 18. Nf2 Ra8 19. Ng4 Nxg4 20. Qxg4 Bc8 21. Qh5
Be6 22. Rf2 Bf8 23. Raf1 g6 24. Qe2 Bg7 25. Rc1 Rac8 26. Qf1 Qd7 27. h4 b5 28.
b3 bxc4 29. bxc4 Rb8 30. Rc2 Qa4 31. Qc1 Kh7 32. Be1 Bf8 33. Kh2 Ba3 34. Qd2
Rb1 35. Qe2 Qd7 36. Ba5 Rdb8 37. Qd2 Bg4 38. Rf1 Rxf1 39. Bxf1 Rb1 40. Be2 Qe6
41. c5 Bxe2 42. Qxe2 Rb5 43. Qd2 Rxc5 44. Rxc5 Bxc5 45. a4 f5 46. Qb2 Bb6 47.
Qb5 fxe4 48. Bxb6 axb6 49. dxe4 Kg7 50. Qa6 h5 51. Qa7+ Kh6 52. Qb8 Qf6 53. Qc8
g5 54. Qc1 Kg6 55. hxg5 Qxg5 56. Qc6+ Qf6 57. Qe8+ Kg5 58. Qg8+ Qg6 59. Qd8+
Kg4 60. Qh4+ Kf3 61. a5 bxa5 62. Qh3 d3 63. g4+ Kxe4 64. gxh5 Qg5 0-1

[Event "CAN-op U2000"]
[Site "Toronto CAN"]
[Date "1983.07.13"]
[Round "6"]
[White "Brodie, Hugh"]
[Black "Powell, Bryson"]
[Result "0-1"]
[WhiteElo "1902"]
[BlackElo "1829"]
[PlyCount "85"]
[EventDate "1983.07.09"]
[EventType "swiss"]
[EventRounds "10"]
[EventCountry "CAN"]

1. e4 e5 2. Nc3 Nf6 3. f4 d6 4. Nf3 Nc6 5. Bc4 Be7 6. d3 O-O 7. O-O Bg4 8. h3
Bxf3 9. Qxf3 Nd4 10. Qd1 c6 11. Ne2 Nxe2+ 12. Qxe2 a5 13. c3 a4 14. d4 exd4 15.
cxd4 d5 16. exd5 cxd5 17. Bd3 Bd6 18. Bd2 Re8 19. Qf3 Ne4 20. Bc3 a3 21. Rfe1
axb2 22. Bxb2 Qb6 23. Bxe4 dxe4 24. Qf2 e3 25. Qe2 Bxf4 26. Rf1 Bc7 27. Rf3 Qd6
28. g4 Bb6 29. Qc4 e2 30. Re1 Qe6 31. Qxe6 Rxe6 32. a3 Rae8 33. Kf2 Bd8 34. Kg3
Rc6 35. Bc3 Rh6 36. Bd2 Bh4+ 37. Kg2 Bxe1 38. Bxe1 Rf6 39. Rb3 Rf1 40. Rb1 Rf4
41. Rxb7 Rxd4 42. Kf2 Rd3 43. a4 0-1

[Event "CAN-op U2000"]
[Site "Toronto CAN"]
[Date "1983.07.14"]
[Round "7"]
[White "Vujosevic, Smilja"]
[Black "Brodie, Hugh"]
[Result "0-1"]
[WhiteElo "1765"]
[BlackElo "1902"]
[PlyCount "168"]
[EventDate "1983.07.09"]
[EventType "swiss"]
[EventRounds "10"]
[EventCountry "CAN"]

1. d4 e6 2. e3 b6 3. f4 Bb7 4. Nf3 f5 5. Bd3 Nf6 6. O-O Be7 7. c3 O-O 8. Nbd2
Ne4 9. Qc2 d5 10. Ne5 Nd7 11. Ndf3 Rf6 12. Qa4 Nxe5 13. fxe5 Rh6 14. Ba6 Bxa6
15. Qxa6 Qc8 16. Qe2 Qe8 17. Nd2 Qh5 18. Qxh5 Rxh5 19. Nxe4 fxe4 20. Bd2 Bg5
21. Rae1 Rf8 22. Rxf8+ Kxf8 23. Re2 Bh6 24. Be1 Rf5 25. h3 Rf7 26. Bf2 Bg5 27.
Kh2 c5 28. h4 Bd8 29. Kh3 c4 30. Bg3 b5 31. Bf4 a5 32. a3 b4 33. axb4 axb4 34.
cxb4 Rb7 35. g4 Rxb4 36. g5 g6 37. Kg4 Ra4 38. Rh2 Ra1 39. Rg2 Ba5 40. Kg3 Rd1
41. Re2 Rd2 42. Kf2 Ke8 43. Bg3 Kd7 44. Kf1 Rxe2 45. Kxe2 Kc6 46. Kd1 Kb5 47.
Kc2 Ka4 48. Bf2 Bb4 49. Bg3 Be7 50. Be1 Bf8 51. Bg3 h6 52. Bf4 hxg5 53. Bxg5
Bb4 54. Bf6 Be1 55. Be7 Bf2 56. Bg5 Be1 57. Be7 Kb5 58. Kd1 Ba5 59. Kc2 Bb4 60.
Bd8 Bf8 61. Kc3 Bh6 62. b3 cxb3 63. Kxb3 Bxe3 64. Kc3 Bh6 65. Be7 Ka4 66. Bd6
Bc1 67. Be7 Ba3 68. Bg5 Bb4+ 69. Kc2 Be1 70. Be7 Ba5 71. Bg5 Kb4 72. Bd2+ Kb5
73. Bg5 Kc4 74. Be3 Bb6 75. Kd2 Bxd4 76. Bf4 Bb6 77. Bg5 d4 78. Ke2 Kd5 79. Kd2
Kxe5 80. Ke2 Kf5 81. Kd2 Kg4 82. Ke2 d3+ 83. Kd2 Kf3 84. Kd1 e3 0-1

[Event "CAN-op U2000"]
[Site "Toronto CAN"]
[Date "1983.07.15"]
[Round "8"]
[White "Brodie, Hugh"]
[Black "Bowden, Greg"]
[Result "1-0"]
[WhiteElo "1902"]
[BlackElo "1757"]
[PlyCount "87"]
[EventDate "1983.07.09"]
[EventType "swiss"]
[EventRounds "10"]
[EventCountry "CAN"]

1. e4 c5 2. f4 e6 3. Nf3 g6 4. Nc3 Bg7 5. Bc4 a6 6. d3 b5 7. Bb3 Nc6 8. O-O Nd4
9. Ne2 Nxf3+ 10. Rxf3 Bb7 11. c3 Ne7 12. Rh3 d5 13. Ng3 O-O 14. Qe2 c4 15. dxc4
bxc4 16. Bc2 d4 17. cxd4 Qxd4+ 18. Be3 Qd7 19. Rd1 Qb5 20. b3 cxb3 21. Qxb5
axb5 22. Bxb3 Rad8 23. Rxd8 Rxd8 24. Kf2 Bc8 25. Ne2 e5 26. Bb6 Rd2 27. Be3
Rxe2+ 28. Kxe2 Bxh3 29. gxh3 exf4 30. Bxf4 Kf8 31. Bc2 Nc6 32. Bd6+ Ke8 33. Bd3
b4 34. Bb5 Kd7 35. Bxb4 Kc7 36. Bxc6 Kxc6 37. Be1 Kb5 38. Bg3 Ka4 39. Bd6 Bf6
40. Kd3 Bd8 41. Kc4 f5 42. e5 f4 43. e6 f3 44. Kd3 1-0

[Event "CAN-op U2000"]
[Site "Toronto CAN"]
[Date "1983.07.16"]
[Round "9"]
[White "Brodie, Hugh"]
[Black "Fortune, Larry"]
[Result "1-0"]
[WhiteElo "1902"]
[BlackElo "1514"]
[PlyCount "77"]
[EventDate "1983.07.09"]
[EventType "swiss"]
[EventRounds "10"]
[EventCountry "CAN"]

1. e4 b6 2. d4 Bb7 3. Bd3 f5 4. exf5 Bxg2 5. Qh5+ g6 6. fxg6 Bg7 7. gxh7+ Kf8
8. hxg8=Q+ Kxg8 9. Qg5 Bxh1 10. f3 Rxh2 11. Bc4+ Kh8 12. Bf4 Bf6 13. Qg6 Rh4
14. Nc3 Qf8 15. Nd5 Nc6 16. O-O-O Qg7 17. Qd3 e6 18. Nxf6 Qxf6 19. Ne2 Rxf4 20.
Rxh1+ Rh4 21. Rxh4+ Qxh4 22. c3 Qh1+ 23. Kc2 Qh7 24. Qxh7+ Kxh7 25. Bd3+ Kg7
26. Kd2 Rh8 27. Ke3 Rh2 28. Be4 Ne7 29. c4 Kf6 30. d5 exd5 31. cxd5 Ke5 32. f4+
Kd6 33. Nc3 Rxb2 34. Kd4 a6 35. a3 Rf2 36. Ke3 Rh2 37. Kd4 Rh5 38. Bf3 Rh3 39.
Ne4# 1-0

[Event "CAN-op U2000"]
[Site "Toronto CAN"]
[Date "1983.07.17"]
[Round "10"]
[White "Ivan, Ted"]
[Black "Brodie, Hugh"]
[Result "0-1"]
[WhiteElo "1831"]
[BlackElo "1902"]
[PlyCount "48"]
[EventDate "1983.07.09"]
[EventType "swiss"]
[EventRounds "10"]
[EventCountry "CAN"]

1. d4 e6 2. Nf3 f5 3. Bg5 Nf6 4. e3 b6 5. Ne5 Bb7 6. Nd2 Be7 7. Bxf6 Bxf6 8.
Qh5+ g6 9. Qh3 d6 10. Nef3 Nd7 11. Bb5 Qe7 12. O-O-O O-O-O 13. Rhe1 g5 14. g4
h5 15. Qf1 hxg4 16. Ng1 Rxh2 17. Ba6 Kb8 18. Nb3 d5 19. Bxb7 Kxb7 20. Qb5 Nb8
21. Rd3 Ka8 22. c4 Qd7 23. Qb4 dxc4 24. Qxc4 Qc6 0-1

[Event "Laval III"]
[Site "Laval CAN"]
[Date "1983.03.26"]
[Round "2"]
[White "Brodie, Hugh"]
[Black "Gagnon, Michel"]
[Result "0-1"]
[WhiteElo "1910"]
[BlackElo "2202"]
[PlyCount "80"]
[EventDate "1983.03.25"]
[EventType "swiss"]
[EventRounds "5"]
[EventCountry "CAN"]

1. Nf3 g6 2. g3 Bg7 3. Bg2 Nf6 4. c4 O-O 5. O-O d6 6. Nc3 Nbd7 7. d3 Rb8 8. Bd2
Re8 9. Qc2 a6 10. e4 e5 11. Rac1 Nf8 12. Nd5 c6 13. Nxf6+ Bxf6 14. Rfe1 Bg4 15.
b4 Bxf3 16. Bxf3 Bg5 17. Bg4 Bxd2 18. Qxd2 Kg7 19. d4 Qf6 20. dxe5 dxe5 21.
Rcd1 Red8 22. Qe2 h5 23. Bh3 Nh7 24. c5 Ng5 25. Bg2 Ne6 26. Qe3 Rd4 27. Rxd4
Nxd4 28. Qc1 Ra8 29. f4 a5 30. a3 axb4 31. axb4 Ra2 32. Qc4 Rc2 33. Qf1 Rb2 34.
Qc4 h4 35. Re3 hxg3 36. hxg3 exf4 37. e5 Rb1+ 38. Bf1 Qf5 39. Qxd4 fxe3 40. e6+
Qf6 0-1

[Event "Laval III"]
[Site "Laval CAN"]
[Date "1983.03.26"]
[Round "3"]
[White "Brodie, Hugh"]
[Black "Morin, Yves"]
[Result "1/2-1/2"]
[WhiteElo "1910"]
[BlackElo "1770"]
[PlyCount "57"]
[EventDate "1983.03.25"]
[EventType "swiss"]
[EventRounds "5"]
[EventCountry "CAN"]

1. e4 Nc6 2. Nc3 Nf6 3. d4 e5 4. dxe5 Nxe5 5. f4 Nc6 6. e5 Ng8 7. Nf3 g6 8. Bc4
Bg7 9. O-O Nge7 10. Be3 O-O 11. Bc5 b6 12. Ba3 Na5 13. Bd3 d6 14. exd6 cxd6 15.
Nb5 d5 16. Re1 Be6 17. Nfd4 Qd7 18. f5 gxf5 19. Bxe7 Qxe7 20. Nxf5 Qc5+ 21. Ne3
a6 22. Nc3 Nc4 23. Qh5 f5 24. Bxc4 dxc4 25. Kh1 Rae8 26. Qf3 b5 27. Rad1 f4 28.
Ng4 Qg5 29. Nf2 1/2-1/2

[Event "Laval III"]
[Site "Laval CAN"]
[Date "1983.03.27"]
[Round "4"]
[White "Trepanier, Christian"]
[Black "Brodie, Hugh"]
[Result "1/2-1/2"]
[WhiteElo "1776"]
[BlackElo "1910"]
[PlyCount "27"]
[EventDate "1983.03.25"]
[EventType "swiss"]
[EventRounds "5"]
[EventCountry "CAN"]

1. e4 c5 2. Nf3 Nc6 3. d4 cxd4 4. Nxd4 g6 5. Nc3 Bg7 6. Be3 Nf6 7. Be2 O-O 8.
O-O d5 9. exd5 Nxd5 10. Nxd5 Nxd4 11. Bxd4 Qxd5 12. Bxg7 Qxd1 13. Raxd1 Kxg7
14. Rd2 1/2-1/2

[Event "Laval III"]
[Site "Laval CAN"]
[Date "1983.03.27"]
[Round "5"]
[White "Desforges, Jean"]
[Black "Brodie, Hugh"]
[Result "1/2-1/2"]
[WhiteElo "1875"]
[BlackElo "1910"]
[PlyCount "98"]
[EventDate "1983.03.25"]
[EventType "swiss"]
[EventRounds "5"]
[EventCountry "CAN"]

1. e4 c5 2. Nf3 Nc6 3. d4 cxd4 4. Nxd4 g6 5. c4 Bg7 6. Be3 Nf6 7. Nc3 Ng4 8.
Qxg4 Nxd4 9. Qd1 Ne6 10. Qd2 d6 11. Be2 O-O 12. h4 Qa5 13. Nd5 Qxd2+ 14. Kxd2
Re8 15. f4 Bxb2 16. Rab1 Bg7 17. f5 gxf5 18. exf5 Nc5 19. Nc7 Bxf5 20. Nxa8
Rxa8 21. Bxc5 Bxb1 22. Rxb1 dxc5 23. Rxb7 Bf6 24. Rc7 Bxh4 25. Rxc5 Rb8 26. Ra5
Rb2+ 27. Kd3 Rb7 28. c5 Be1 29. Ra4 Rc7 30. Rc4 Rd7+ 31. Ke3 e6 32. c6 Rc7 33.
Bf3 Kf8 34. g4 Ke7 35. Rc1 Bh4 36. Rb1 Bg5+ 37. Kd3 Kd6 38. Kc4 f5 39. gxf5
exf5 40. Re1 h6 41. Bd5 Re7 42. Rxe7 Bxe7 43. Bf3 Bh4 44. Kd4 Bf2+ 45. Kd3 Bb6
46. Ke2 Ke5 47. Kf1 Kf4 48. Kg2 Kg5 49. Kh3 Bc7 1/2-1/2

[Event "Specialiste-Tch1"]
[Site "Montreal CAN"]
[Date "1983.03.24"]
[Round "1"]
[White "Morin, Louis"]
[Black "Brodie, Hugh"]
[Result "1/2-1/2"]
[WhiteElo "1880"]
[BlackElo "1890"]
[PlyCount "90"]
[EventDate "1983.03.24"]
[EventType "team"]
[EventRounds "5"]
[EventCountry "CAN"]

1. e4 c5 2. c3 d5 3. exd5 Qxd5 4. d4 Nf6 5. Nf3 Bg4 6. Be2 cxd4 7. cxd4 e6 8.
O-O Be7 9. Nc3 Qa5 10. Bf4 a6 11. h3 Bh5 12. g4 Bg6 13. Ne5 O-O 14. Nxg6 hxg6
15. Bf3 Nc6 16. Be3 Rac8 17. Qb3 b5 18. Rfd1 Rfd8 19. Bg2 Nb4 20. d5 Nfxd5 21.
Nxd5 Nxd5 22. Bxd5 exd5 23. Rxd5 Rxd5 24. Qxd5 Bf6 25. Qb3 Rc4 26. a3 Qc7 27.
Rd1 Qe5 28. Rd2 Rc1+ 29. Kg2 Qe4+ 30. f3 Qb1 31. Qd5 Rh1 32. Qd3 Qa1 33. Qe2
Bg5 34. f4 Bh4 35. Bf2 Bxf2 36. Rd8+ Kh7 37. Qxf2 Qe1 38. Qxe1 Rxe1 39. Rd2 Kg8
40. Kf2 Rh1 41. Kg2 Rc1 42. Kf3 Kf8 43. Ke4 Ke7 44. b4 Rc3 45. Rd3 Rc4+ 1/2-1/2

[Event "Specialiste-Tch1"]
[Site "Montreal CAN"]
[Date "1983.03.31"]
[Round "2"]
[White "Saad, Rifki"]
[Black "Brodie, Hugh"]
[Result "1/2-1/2"]
[WhiteElo "1988"]
[BlackElo "1980"]
[PlyCount "82"]
[EventDate "1983.03.24"]
[EventType "team"]
[EventRounds "5"]
[EventCountry "CAN"]

1. Nf3 Nf6 2. g3 b6 3. Bg2 Bb7 4. O-O e6 5. d3 c5 6. e4 d6 7. Nc3 Be7 8. a4 a6
9. Nd2 Qc7 10. f4 Nbd7 11. Rb1 Rc8 12. f5 d5 13. fxe6 fxe6 14. exd5 exd5 15.
Nxd5 Nxd5 16. Bxd5 Nf6 17. Bxb7 Qxb7 18. Qf3 Qc7 19. Nc4 O-O 20. Bf4 Qa7 21.
Rbe1 Rce8 22. Qc6 Nd7 23. Qe6+ Kh8 24. Bd6 Rxf1+ 25. Rxf1 Nf6 26. Re1 Bf8 27.
Qxe8 Nxe8 28. Rxe8 h6 29. Bxf8 Qf7 30. Rb8 Kh7 31. Bd6 Qf3 32. Na3 Qe3+ 33. Kf1
Qc1+ 34. Kg2 Qxb2 35. Bxc5 Qe5 36. Rxb6 Qxc5 37. Nc4 Qd5+ 38. Kg1 Qf3 39. Rb2
Qe2 40. a5 Qe1+ 41. Kg2 Qe2+ 1/2-1/2

[Event "Specialiste-Tch1"]
[Site "Montreal CAN"]
[Date "1983.04.07"]
[Round "3"]
[White "Brodie, Hugh"]
[Black "Desautels, Mario"]
[Result "1/2-1/2"]
[WhiteElo "1890"]
[BlackElo "1823"]
[PlyCount "62"]
[EventDate "1983.03.24"]
[EventType "team"]
[EventRounds "5"]
[EventCountry "CAN"]

1. e4 e6 2. Nf3 d5 3. e5 c5 4. b4 cxb4 5. d4 Nc6 6. Bd3 Bd7 7. O-O Nge7 8. Nbd2
Ng6 9. Nb3 b6 10. Ng5 Be7 11. Qh5 Bxg5 12. Bxg5 Nce7 13. Bd2 Nc6 14. f4 Nge7
15. f5 exf5 16. g4 O-O 17. gxf5 g6 18. fxg6 fxg6 19. Qh6 Nf5 20. Bxf5 Rxf5 21.
Rxf5 Bxf5 22. Rf1 Qf8 23. Qh4 Nd8 24. Bh6 Qf7 25. Qe1 a5 26. c3 bxc3 27. Qxc3
Rc8 28. Qg3 Qe6 29. Rc1 Rxc1+ 30. Nxc1 Bh3 31. Ne2 Qg4 1/2-1/2

[Event "Specialiste-Tch1"]
[Site "Montreal CAN"]
[Date "1983.04.14"]
[Round "4"]
[White "Alain, Benoit"]
[Black "Brodie, Hugh"]
[Result "1-0"]
[WhiteElo "1854"]
[BlackElo "1890"]
[PlyCount "107"]
[EventDate "1983.03.24"]
[EventType "team"]
[EventRounds "5"]
[EventCountry "CAN"]

1. Nf3 c5 2. e4 Nc6 3. d4 cxd4 4. Nxd4 g6 5. Nc3 Bg7 6. Be3 Nf6 7. Bc4 Qa5 8.
f3 Qb4 9. Nxc6 Qxc4 10. Ne5 Qc7 11. Nd3 d6 12. Qd2 Be6 13. Rd1 O-O 14. Bh6 Bc4
15. Bxg7 Kxg7 16. O-O Rac8 17. Rfe1 Bxd3 18. cxd3 a6 19. Rc1 Qb6+ 20. Qf2 Qxf2+
21. Kxf2 e5 22. Rc2 Rc6 23. Rd2 b5 24. d4 b4 25. Nd5 Rb8 26. Ree2 b3 27. a3 Rb5
28. dxe5 dxe5 29. Ne3 Ne8 30. Rd5 Nc7 31. Rxb5 Nxb5 32. Rd2 Nd4 33. Nd5 a5 34.
Ke3 f5 35. Nc3 Nc2+ 36. Kd3 f4 37. Rxc2 bxc2 38. Kxc2 Kf6 39. b4 axb4 40. axb4
Ke6 41. Kb3 Kd7 42. b5 Rc8 43. Kb4 Kd6 44. g3 g5 45. g4 Ra8 46. Na4 h5 47. h3
hxg4 48. hxg4 Rh8 49. Nb2 Rh3 50. Nc4+ Ke6 51. b6 Rh8 52. Kb5 Re8 53. b7 Kd7
54. Kb6 1-0

[Event "Toronto Class ch"]
[Site "Toronto CAN"]
[Date "1983.01.28"]
[Round "1"]
[White "Brodie, Hugh"]
[Black "Bradt, R."]
[Result "0-1"]
[WhiteElo "1924"]
[BlackElo "1850"]
[PlyCount "80"]
[EventDate "1983.01.28"]
[EventType "swiss"]
[EventRounds "5"]
[EventCountry "CAN"]

1. Nf3 Nf6 2. b3 g6 3. Bb2 Bg7 4. g3 O-O 5. c4 d6 6. Bg2 c6 7. O-O Nbd7 8. d3
e5 9. Nbd2 Re8 10. e4 Qc7 11. Rc1 Nc5 12. Qe2 a5 13. Ne1 Bg4 14. f3 Bd7 15. Kh1
Nh5 16. f4 f5 17. fxe5 dxe5 18. exf5 Bxf5 19. Rxf5 Nxg3+ 20. hxg3 gxf5 21. Qf2
Qd6 22. Bf1 Rad8 23. Ndf3 Qh6+ 24. Nh4 e4 25. Bxg7 Qxc1 26. Nxf5 exd3 27. Ng2
Rd7 28. Bb2 Ne4 29. Qf3 Qxb2 30. Ngh4 Qf6 31. Qf4 d2 32. Be2 Kh8 33. Bh5 d1=Q+
34. Bxd1 Rxd1+ 35. Kg2 Rd2+ 36. Kg1 Nxg3 37. Ng2 Ne2+ 38. Kh2 Nxf4 39. Kg3 Qxf5
40. Nxf4 Re3+ 0-1

[Event "Toronto Class ch"]
[Site "Toronto CAN"]
[Date "1983.01.29"]
[Round "2"]
[White "Bokhout, Peter"]
[Black "Brodie, Hugh"]
[Result "0-1"]
[WhiteElo "1910"]
[BlackElo "1924"]
[PlyCount "72"]
[EventDate "1983.01.28"]
[EventType "swiss"]
[EventRounds "5"]
[EventCountry "CAN"]

1. d4 e6 2. c4 Bb4+ 3. Nd2 f5 4. a3 Bxd2+ 5. Bxd2 b6 6. e4 fxe4 7. Qg4 Nc6 8.
d5 exd5 9. cxd5 Nf6 10. Qxg7 Rg8 11. Qh6 Rg6 12. Qh4 Nxd5 13. Qxh7 Qf6 14.
O-O-O Bb7 15. h4 e3 16. fxe3 O-O-O 17. h5 Rg7 18. Qc2 Re7 19. h6 Nxe3 20. Bxe3
Rxe3 21. Nf3 Ne5 22. Nxe5 Qxe5 23. h7 Rh8 24. Bd3 Be4 25. Bxe4 Rxe4 26. Qd3 Qf5
27. Rhe1 Qg5+ 28. Kb1 Rxe1 29. Rxe1 Qxg2 30. Re7 Qh1+ 31. Ka2 d6 32. Qf5+ Kb8
33. Rf7 Qh6 34. Qc2 Rc8 35. Qc6 Qe6+ 36. b3 Qxf7 0-1

[Event "Toronto Class ch"]
[Site "Toronto CAN"]
[Date "1983.01.29"]
[Round "3"]
[White "Brodie, Hugh"]
[Black "Wright, Stephen"]
[Result "1-0"]
[WhiteElo "1924"]
[BlackElo "1900"]
[PlyCount "75"]
[EventDate "1983.01.28"]
[EventType "swiss"]
[EventRounds "5"]
[EventCountry "CAN"]

1. e4 c6 2. d3 d5 3. Nd2 Nf6 4. Ngf3 Bg4 5. e5 Nfd7 6. h3 Bxf3 7. Nxf3 e6 8. d4
c5 9. c3 Nc6 10. Bd3 Qb6 11. O-O cxd4 12. cxd4 Nxd4 13. Nxd4 Qxd4 14. Re1 Be7
15. Rb1 Qb6 16. Bf4 O-O 17. Qg4 f5 18. exf6 Rxf6 19. Re3 Raf8 20. Bg3 Bc5 21.
Rf3 Rxf3 22. gxf3 Nf6 23. Qh4 g6 24. Qh6 Nh5 25. Bxg6 hxg6 26. Be5 Bxf2+ 27.
Kh2 Bg3+ 28. Bxg3 Rxf3 29. Qxg6+ Ng7 30. h4 Qd4 31. h5 Qf6 32. Rc1 Qxg6 33.
hxg6 Nh5 34. Be5 Rf8 35. Rc7 Nf6 36. Kh3 Ne4 37. Rg7+ Kh8 38. Rh7+ 1-0

[Event "Toronto Class ch"]
[Site "Toronto CAN"]
[Date "1983.01.30"]
[Round "4"]
[White "Evans, Bill"]
[Black "Brodie, Hugh"]
[Result "0-1"]
[WhiteElo "1910"]
[BlackElo "1924"]
[PlyCount "70"]
[EventDate "1983.01.28"]
[EventType "swiss"]
[EventRounds "5"]
[EventCountry "CAN"]

1. d4 e6 2. c4 Bb4+ 3. Nc3 f5 4. g3 Nf6 5. Bg2 O-O 6. Nf3 d5 7. O-O c6 8. Ne5
Nbd7 9. Nd3 Bd6 10. Bf4 Qe7 11. Bxd6 Qxd6 12. Qb3 Ne4 13. Rad1 Kh8 14. f3 Ng5
15. f4 Ne4 16. Nxe4 fxe4 17. Ne5 Qc7 18. Qa3 Qd8 19. Qd6 Nxe5 20. fxe5 Qxd6 21.
exd6 Bd7 22. c5 Kg8 23. b4 a5 24. bxa5 Rxa5 25. Rb1 Bc8 26. Rxf8+ Kxf8 27. d7
Bxd7 28. Rxb7 Ke7 29. Rb2 e3 30. Rb3 Rxa2 31. Rxe3 Rd2 32. Rd3 Rxe2 33. Bf1 Ra2
34. Re3 Bc8 35. Be2 Ra4 0-1

[Event "Toronto Class ch"]
[Site "Toronto CAN"]
[Date "1983.01.30"]
[Round "5"]
[White "Brodie, Hugh"]
[Black "Pacey, Kevin"]
[Result "0-1"]
[WhiteElo "1924"]
[BlackElo "1926"]
[PlyCount "74"]
[EventDate "1983.01.28"]
[EventType "swiss"]
[EventRounds "5"]
[EventCountry "CAN"]

1. Nf3 f5 2. e4 fxe4 3. Ng5 e5 4. Nxe4 Nc6 5. Bb5 Nf6 6. d3 d5 7. Nxf6+ Qxf6 8.
O-O Be6 9. Qh5+ Bf7 10. Qe2 Bd6 11. Nc3 O-O 12. Bxc6 bxc6 13. Bd2 Bg6 14. Qg4
Bf5 15. Qg5 Kh8 16. Qxf6 gxf6 17. Ne2 Bg6 18. f4 e4 19. f5 Bh5 20. Nf4 Bxf4 21.
Bxf4 Be2 22. Rf2 exd3 23. cxd3 Bxd3 24. Bxc7 Rfe8 25. h3 Rac8 26. Bd6 c5 27. g4
Rc6 28. Bg3 c4 29. Rd2 d4 30. Rc1 Re2 31. Bf4 Rxd2 32. Bxd2 Rb6 33. b3 c3 34.
Bh6 Bb5 35. Kf2 Rd6 36. Ke1 Bc6 37. Rc2 Rd8 0-1